[Event "Cracovia 2013"]
[Site "Krakow"]
[Date "2014.01.04"]
[Round "9.1"]
[White "Kyc, Jerzy"]
[Black "Eggink, Mateusz"]
[Result "1/2-1/2"]
[LiveChessVersion "1.4.2"]
[BlackElo "2053"]
[WhiteElo "1966"]

1. e4 {[%clk 1:30:58]} c5 {[%clk 1:30:53]} 2. Nf3 {[%clk 1:31:24]} d6
{[%clk 1:31:19]} 3. d4 {[%clk 1:31:51]} cxd4 {[%clk 1:31:45]} 4. Nxd4
{[%clk 1:32:18]} Nf6 {[%clk 1:32:09]} 5. Nc3 {[%clk 1:32:46]} a6 {[%clk 1:32:34]}
6. Bg5 {[%clk 1:33:12]} Nbd7 {[%clk 1:32:51]} 7. Bc4 {[%clk 1:32:38]} Qc7
{[%clk 1:13:22]} 8. Qe2 {[%clk 1:32:36]} b5 {[%clk 1:01:53]} 9. Bb3
{[%clk 1:32:27]} e6 10. a3 {[%clk 1:29:12]} Nc5 {[%clk 0:31:35]} 11. Ba2
{[%clk 1:18:26]} Be7 {[%clk 0:30:16]} 12. O-O {[%clk 1:14:46]} Bb7
{[%clk 0:29:14]} 13. f3 {[%clk 1:11:32]} O-O {[%clk 0:29:42]} 14. Rad1
{[%clk 1:11:27]} h6 {[%clk 0:24:36]} 15. Be3 {[%clk 1:11:35]} Ncd7
{[%clk 0:24:19]} 16. Bxe6 {[%clk 1:10:27]} fxe6 {[%clk 0:24:27]} 17. Nxe6
{[%clk 1:10:55]} Qc6 {[%clk 0:22:55]} 18. Nxf8 {[%clk 1:11:20]} Rxf8
{[%clk 0:23:17]} 19. Bd4 {[%clk 0:54:18]} Qc4 {[%clk 0:19:30]} 20. Qe3
{[%clk 0:53:18]} Ne5 {[%clk 0:18:38]} 21. Ne2 {[%clk 0:34:01]} Qf7
{[%clk 0:12:31]} 22. Bc3 {[%clk 0:22:59]} Nc4 {[%clk 0:12:14]} 23. Qd3
{[%clk 0:20:50]} Nd7 {[%clk 0:08:33]} 24. Bd4 {[%clk 0:10:05]} Nc5
{[%clk 0:07:27]} 25. Qc3 {[%clk 0:09:32]} Na4 {[%clk 0:05:53]} 26. Qb3
{[%clk 0:09:54]} Bf6 {[%clk 0:04:53]} 27. Bxf6 {[%clk 0:09:35]} Qxf6
{[%clk 0:05:22]} 28. Rd4 {[%clk 0:09:03]} Rc8 {[%clk 0:04:20]} 29. Rb1
{[%clk 0:08:32]} Kh8 {[%clk 0:03:57]} 30. c3 {[%clk 0:08:04]} Qg5
{[%clk 0:03:43]} 31. f4 {[%clk 0:05:27]} Qg4 {[%clk 0:03:27]} 32. Kf2
{[%clk 0:04:15]} Nc5 {[%clk 0:03:30]} 33. Qc2 {[%clk 0:03:28]} Qxg2+
{[%clk 0:03:30]} 34. Kxg2 {[%clk 0:03:50]} Ne3+ {[%clk 0:03:59]} 35. Kg1
{[%clk 0:03:46]} Nxc2 {[%clk 0:04:22]} 36. Rxd6 {[%clk 0:04:06]} Nxe4
{[%clk 0:03:45]} 37. Rb6 {[%clk 0:04:00]} Rc7 {[%clk 0:03:15]} 38. Rd1
{[%clk 0:03:52]} Ne3 {[%clk 0:03:28]} 39. Rd8+ {[%clk 0:04:12]} Kh7
{[%clk 0:03:57]} 40. Rxb7 {[%clk 0:32:14]} Rxb7 {[%clk 0:33:14]} 41. Re8
{[%clk 0:32:40]} Nc4 {[%clk 0:32:42]} 42. Rxe4 {[%clk 0:33:01]} Nxb2
{[%clk 0:33:10]} 43. Rb4 {[%clk 0:32:57]} Nd3 {[%clk 0:30:39]} 44. Rd4
{[%clk 0:31:43]} Re7 {[%clk 0:25:31]} 45. Rxd3 {[%clk 0:24:23]} Rxe2
{[%clk 0:25:59]} 46. Rd6 {[%clk 0:24:43]} Rc2 {[%clk 0:24:11]} 47. Rxa6
{[%clk 0:25:08]} Rxc3 {[%clk 0:24:40]} 48. Ra5 {[%clk 0:24:23]} Rb3
{[%clk 0:24:28]} 49. a4 {[%clk 0:23:59]} bxa4 {[%clk 0:13:47]} 50. Rxa4
{[%clk 0:24:25]} Kg6 {[%clk 0:14:13]} 51. Kg2 {[%clk 0:23:34]} Kf5
{[%clk 0:14:23]} 52. Ra7 {[%clk 0:20:19]} g6 {[%clk 0:13:34]} 53. Rf7+
{[%clk 0:16:07]} Kg4 {[%clk 0:13:57]} 54. Rf6 {[%clk 0:15:21]} Rb2+
{[%clk 0:14:25]} 55. Kh1 {[%clk 0:14:45]} g5 {[%clk 0:13:08]} 56. fxg5
{[%clk 0:15:00]} hxg5 {[%clk 0:13:36]} 57. Kg1 {[%clk 0:14:55]} 1/2-1/2

[Event "Cracovia 2013"]
[Site "Krakow"]
[Date "2014.01.04"]
[Round "9.2"]
[White "Bednarczyk, Damian"]
[Black "Kuciel, Wladyslaw"]
[Result "1-0"]
[LiveChessVersion "1.4.2"]
[BlackElo "1979"]
[WhiteElo "2040"]

1. d4 {[%clk 1:30:58]} Nf6 {[%clk 1:30:52]} 2. c4 {[%clk 1:31:24]} e6
{[%clk 1:31:17]} 3. g3 {[%clk 1:31:51]} Bb4+ {[%clk 1:31:26]} 4. Bd2
{[%clk 1:32:15]} c5 {[%clk 1:31:32]} 5. Bxb4 {[%clk 1:32:02]} cxb4
{[%clk 1:32:00]} 6. Bg2 {[%clk 1:32:14]} O-O {[%clk 1:31:50]} 7. Nf3
{[%clk 1:32:31]} d6 {[%clk 1:32:09]} 8. O-O {[%clk 1:32:45]} Nc6 {[%clk 1:32:12]}
9. Nbd2 {[%clk 1:31:03]} Bd7 {[%clk 1:32:07]} 10. Qc2 {[%clk 1:28:02]} Rc8
{[%clk 1:29:06]} 11. e4 {[%clk 1:25:59]} e5 {[%clk 1:26:32]} 12. Qd3
{[%clk 1:19:59]} Qe7 {[%clk 1:22:49]} 13. d5 Nb8 {[%clk 1:20:04]} 14. a3
{[%clk 1:19:04]} a5 {[%clk 1:14:23]} 15. axb4 {[%clk 1:18:00]} axb4
{[%clk 1:14:44]} 16. Qb3 {[%clk 1:16:33]} Na6 {[%clk 1:14:53]} 17. Ne1
{[%clk 1:16:57]} Qd8 {[%clk 1:11:47]} 18. Nd3 {[%clk 1:06:25]} Qb6 19. Kh1 Rfe8
{[%clk 1:04:06]} 20. h3 {[%clk 1:04:01]} h6 {[%clk 0:59:37]} 21. Kh2
{[%clk 0:59:08]} Qd4 {[%clk 0:57:26]} 22. f4 {[%clk 0:51:03]} Qe3
{[%clk 0:49:40]} 23. Qc2 {[%clk 0:44:16]} b3 {[%clk 0:40:24]} 24. Qc3
{[%clk 0:40:52]} Nc5 {[%clk 0:32:55]} 25. Rf3 {[%clk 0:32:44]} Qd4
{[%clk 0:32:31]} 26. Qxd4 {[%clk 0:32:58]} exd4 {[%clk 0:32:56]} 27. Nxc5
{[%clk 0:33:15]} Rxc5 {[%clk 0:32:04]} 28. Rxb3 {[%clk 0:32:32]} b5
{[%clk 0:32:21]} 29. Rd3 {[%clk 0:32:41]} bxc4 {[%clk 0:31:46]} 30. Rxd4
{[%clk 0:33:05]} Rb8 {[%clk 0:31:23]} 31. e5 {[%clk 0:29:20]} Ne8
{[%clk 0:31:51]} 32. Ra7 {[%clk 0:26:16]} Bf5 {[%clk 0:30:02]} 33. Nxc4
{[%clk 0:25:11]} Nc7 {[%clk 0:29:05]} 34. Nxd6 {[%clk 0:24:58]} Rxb2
{[%clk 0:28:40]} 35. Nxf5 {[%clk 0:25:07]} Nxd5 {[%clk 0:28:35]} 36. Rxd5
{[%clk 0:25:27]} 1-0

[Event "Cracovia 2013"]
[Site "Krakow"]
[Date "2014.01.04"]
[Round "9.3"]
[White "Nikitin, Aleksander I"]
[Black "Puczylowski, Marcin"]
[Result "1-0"]
[LiveChessVersion "1.4.2"]
[BlackElo "2071"]
[WhiteElo "2099"]

1. Nf3 {[%clk 1:30:59]} Nf6 {[%clk 1:29:09]} 2. g3 {[%clk 1:31:25]} c5
{[%clk 1:29:21]} 3. Bg2 {[%clk 1:31:43]} Nc6 {[%clk 1:28:08]} 4. d3
{[%clk 1:32:05]} d5 {[%clk 1:26:37]} 5. O-O {[%clk 1:32:27]} e5 {[%clk 1:25:02]}
6. Nbd2 {[%clk 1:31:53]} Be7 {[%clk 1:22:35]} 7. c3 {[%clk 1:31:40]} O-O
{[%clk 1:17:21]} 8. e4 {[%clk 1:32:05]} dxe4 {[%clk 1:14:53]} 9. dxe4
{[%clk 1:32:23]} Qc7 {[%clk 1:14:22]} 10. Qe2 {[%clk 1:31:35]} h6
{[%clk 1:12:51]} 11. a4 {[%clk 1:30:12]} Be6 {[%clk 1:11:33]} 12. Nc4
{[%clk 1:28:49]} a6 {[%clk 1:06:31]} 13. Nh4 {[%clk 1:16:21]} b5 14. Ne3
{[%clk 1:13:31]} Qb7 {[%clk 0:42:29]} 15. Nhf5 {[%clk 1:02:42]} Rad8
{[%clk 0:37:43]} 16. axb5 {[%clk 0:56:13]} axb5 {[%clk 0:37:45]} 17. f4
{[%clk 0:54:15]} c4 {[%clk 0:34:43]} 18. Nxe7+ {[%clk 0:49:40]} Nxe7
{[%clk 0:35:13]} 19. f5 {[%clk 0:42:13]} Bd7 {[%clk 0:35:14]} 20. Re1
{[%clk 0:37:38]} Kh7 {[%clk 0:29:22]} 21. g4 {[%clk 0:35:07]} Bc6
{[%clk 0:29:02]} 22. Nf1 {[%clk 0:34:18]} Nd7 {[%clk 0:25:34]} 23. Ng3
{[%clk 0:30:53]} Nc5 {[%clk 0:24:56]} 24. f6 {[%clk 0:29:46]} Ng8
{[%clk 0:20:10]} 25. fxg7 {[%clk 0:26:55]} Kxg7 {[%clk 0:20:37]} 26. Be3
{[%clk 0:24:04]} Nd3 {[%clk 0:19:50]} 27. Rf1 {[%clk 0:20:45]} Ra8
{[%clk 0:19:54]} 28. Qf3 {[%clk 0:19:50]} Rxa1 {[%clk 0:19:02]} 29. Rxa1
{[%clk 0:19:43]} Bd7 {[%clk 0:18:05]} 30. g5 {[%clk 0:13:40]} hxg5
{[%clk 0:17:43]} 31. Qh5 {[%clk 0:12:39]} Qc6 {[%clk 0:16:02]} 32. Bh3
{[%clk 0:08:58]} Bxh3 {[%clk 0:14:39]} 33. Qxh3 {[%clk 0:09:13]} Ra8
{[%clk 0:13:59]} 34. Rd1 {[%clk 0:03:41]} Qe6 {[%clk 0:12:26]} 35. Nf5+
{[%clk 0:03:12]} Kf8 {[%clk 0:12:47]} 36. Rxd3 {[%clk 0:02:23]} Qc6
{[%clk 0:04:18]} 37. Rd5 {[%clk 0:02:14]} Ke8 {[%clk 0:04:11]} 38. Qh8
{[%clk 0:02:03]} 1-0

[Event "Cracovia 2013"]
[Site "Krakow"]
[Date "2014.01.04"]
[Round "9.4"]
[White "Zurkowski, Andrzej"]
[Black "Ivanov, Vladimir A."]
[Result "1-0"]
[LiveChessVersion "1.4.2"]
[BlackElo "2063"]
[WhiteElo "2062"]

1. d4 {[%clk 1:30:57]} Nf6 {[%clk 1:30:52]} 2. Nf3 {[%clk 1:31:03]} e6
{[%clk 1:30:55]} 3. g3 {[%clk 1:31:24]} b6 {[%clk 1:30:09]} 4. Bg2
{[%clk 1:31:44]} Bb7 {[%clk 1:30:31]} 5. O-O {[%clk 1:32:02]} Be7
{[%clk 1:30:24]} 6. Nbd2 {[%clk 1:31:21]} O-O {[%clk 1:28:39]} 7. c4
{[%clk 1:29:46]} d5 {[%clk 1:28:27]} 8. b3 {[%clk 1:27:16]} Ne4 {[%clk 1:24:55]}
9. Nxe4 {[%clk 1:22:31]} dxe4 {[%clk 1:25:12]} 10. Ne1 {[%clk 1:23:00]} e5
{[%clk 1:21:12]} 11. d5 {[%clk 1:20:12]} f5 {[%clk 1:21:05]} 12. Bb2
{[%clk 1:17:48]} Nd7 {[%clk 1:19:29]} 13. f3 {[%clk 1:16:45]} exf3
{[%clk 1:15:27]} 14. exf3 {[%clk 1:14:51]} Bd6 {[%clk 1:00:04]} 15. Nd3
{[%clk 1:11:52]} Qe7 {[%clk 1:00:04]} 16. Re1 {[%clk 1:11:52]} Rae8
{[%clk 1:00:04]} 17. Kh1 {[%clk 1:11:52]} Qf7 {[%clk 1:00:04]} 18. Kg1 Qe7
{[%clk 0:58:34]} 19. Kh1 {[%clk 1:10:15]} Qf7 {[%clk 0:53:17]} 20. Qd2
{[%clk 1:02:50]} Qg6 {[%clk 0:49:06]} 21. Re2 {[%clk 1:01:59]} Re7
{[%clk 0:38:10]} 22. Rae1 {[%clk 1:02:03]} Rfe8 {[%clk 0:38:12]} 23. Bc3
{[%clk 0:59:43]} h5 {[%clk 0:36:43]} 24. Bh3 {[%clk 0:52:16]} c6 {[%clk 0:34:45]}
25. dxc6 {[%clk 0:34:44]} Bxc6 {[%clk 0:35:12]} 26. Bg2 {[%clk 0:35:10]} h4
{[%clk 0:34:57]} 27. gxh4 {[%clk 0:29:40]} e4 {[%clk 0:33:13]} 28. fxe4
{[%clk 0:29:39]} fxe4 {[%clk 0:33:16]} 29. Nf4 {[%clk 0:28:19]} Qh6
{[%clk 0:26:27]} 30. Nd5 {[%clk 0:27:45]} e3 {[%clk 0:25:40]} 31. Nxe7+
{[%clk 0:26:28]} Rxe7 {[%clk 0:25:50]} 32. Rxe3 {[%clk 0:23:31]} Qf4
{[%clk 0:19:24]} 33. Bd5+ {[%clk 0:18:43]} Bxd5+ {[%clk 0:16:38]} 34. Qxd5+
{[%clk 0:19:09]} Kh8 {[%clk 0:16:32]} 35. Qg2 {[%clk 0:17:38]} Rf7
{[%clk 0:07:12]} 36. Re8+ {[%clk 0:17:48]} Nf8 {[%clk 0:07:11]} 37. h5
{[%clk 0:17:26]} Qh4 {[%clk 0:04:52]} 38. Rg1 {[%clk 0:15:40]} Kh7
{[%clk 0:04:03]} 39. Qg6+ {[%clk 0:15:29]} Nxg6 {[%clk 0:04:19]} 40. hxg6+
{[%clk 0:15:50]} 1-0

[Event "Cracovia 2013"]
[Site "Krakow"]
[Date "2014.01.04"]
[Round "9.5"]
[White "Rzeznik, Lukasz"]
[Black "Janus, Przemyslaw"]
[Result "0-1"]
[LiveChessVersion "1.4.2"]
[BlackElo "2098"]
[WhiteElo "1982"]

1. e4 {[%clk 1:30:57]} c5 {[%clk 1:30:47]} 2. Nf3 {[%clk 1:31:22]} d6
{[%clk 1:31:03]} 3. d4 {[%clk 1:31:36]} cxd4 {[%clk 1:31:15]} 4. Nxd4
{[%clk 1:31:55]} Nf6 {[%clk 1:31:10]} 5. Nc3 {[%clk 1:32:10]} g6 {[%clk 1:30:59]}
6. Be3 {[%clk 1:31:51]} Bg7 {[%clk 1:30:48]} 7. f3 {[%clk 1:31:09]} Nc6
{[%clk 1:30:28]} 8. Qd2 {[%clk 1:29:57]} O-O {[%clk 1:29:56]} 9. O-O-O
{[%clk 1:29:47]} Nxd4 {[%clk 1:27:59]} 10. Bxd4 {[%clk 1:29:23]} Be6
{[%clk 1:28:09]} 11. Kb1 {[%clk 1:28:55]} Qc7 {[%clk 1:27:22]} 12. h4
{[%clk 1:28:16]} h5 {[%clk 1:23:47]} 13. g4 {[%clk 1:15:44]} Rfc8
{[%clk 1:20:43]} 14. gxh5 {[%clk 0:59:22]} Nxh5 {[%clk 1:19:56]} 15. Bxg7
{[%clk 0:58:22]} Kxg7 {[%clk 1:20:08]} 16. Nd5 Bxd5 {[%clk 1:20:08]} 17. exd5 Qc5
{[%clk 1:20:08]} 18. Bh3 Rc7 {[%clk 1:20:08]} 19. Bg4 Rh8 {[%clk 1:20:08]} 20.
Rhg1 Qc4 {[%clk 1:20:08]} 21. Qg5 Nf4 {[%clk 1:20:08]} 22. Bf5 Rh5
{[%clk 1:20:08]} 23. Qg4 Kf8 {[%clk 1:20:08]} 24. Be4 Nxd5 {[%clk 1:20:08]} 25.
Bxg6 fxg6 {[%clk 1:20:08]} 26. Qxg6 Qxc2+ {[%clk 1:20:08]} 27. Qxc2 Rxc2
{[%clk 1:20:08]} 28. Kxc2 Ne3+ {[%clk 1:20:08]} 29. Kb3 Nxd1 {[%clk 1:20:08]} 30.
Rxd1 Rxh4 {[%clk 1:20:08]} 31. Rc1 a5 {[%clk 1:20:08]} 32. Rc7 Rb4+
{[%clk 1:20:08]} 33. Kc3 Ke8 {[%clk 1:20:08]} 34. a3 Rb5 {[%clk 1:20:08]} 35. a4
Rb4 {[%clk 1:20:08]} 36. Rc4 Rb6 {[%clk 1:20:08]} 37. Rh4 Kd7 {[%clk 1:20:08]}
38. Rh5 Rc6+ {[%clk 1:20:08]} 39. Kd4 b6 {[%clk 1:20:08]} 40. Rb5 Kc7
{[%clk 1:20:08]} 41. b4 axb4 {[%clk 1:20:08]} 42. Rxb4 Rc1 {[%clk 1:20:08]} 43.
Kd5 Re1 {[%clk 1:20:08]} 44. f4 e6+ {[%clk 1:20:08]} 45. Kd4 Rc1 {[%clk 1:20:08]}
46. Rb2 Kc6 {[%clk 1:20:08]} 47. Re2 Rd1+ {[%clk 1:20:08]} 48. Kc4 d5+
{[%clk 1:20:08]} 49. Kc3 Kd6 {[%clk 1:20:08]} 50. Rb2 Kc5 {[%clk 1:20:08]} 51.
Re2 Rd4 {[%clk 1:20:08]} 52. a5 bxa5 {[%clk 1:20:08]} 53. Rxe6 Rxf4
{[%clk 1:20:08]} 54. Re8 Rf3+ {[%clk 1:20:08]} 55. Kc2 a4 {[%clk 1:20:08]} 56.
Ra8 a3 {[%clk 1:20:08]} 57. Ra5+ Kd4 {[%clk 1:20:08]} 58. Ra4+ Ke5
{[%clk 1:20:08]} 59. Ra8 Rf2+ {[%clk 1:20:08]} 60. Kb3 a2 {[%clk 1:20:08]} 61.
Kc3 d4+ {[%clk 1:20:08]} 62. Kc4 Rc2+ {[%clk 1:20:08]} 63. Kd3 Rc3+
{[%clk 1:20:08]} 64. Kd2 Rh3 {[%clk 1:20:08]} 65. Re8+ Kd5 {[%clk 1:20:08]} 66.
Rd8+ Kc4 {[%clk 1:20:08]} 67. Rc8+ Kb3 {[%clk 1:20:08]} 68. Rb8+ Ka3
{[%clk 1:20:08]} 69. Kc2 Rc3+ {[%clk 1:20:08]} 70. Kd2 a1=Q {[%clk 1:20:08]} 0-1

[Event "Cracovia 2013"]
[Site "Krakow"]
[Date "2014.01.04"]
[Round "9.6"]
[White "Suliborski, Jakub"]
[Black "Lada, Ireneusz"]
[Result "1-0"]
[LiveChessVersion "1.4.2"]
[BlackElo "1935"]
[WhiteElo "2077"]

1. e4 {[%clk 1:30:38]} g6 {[%clk 1:30:44]} 2. c4 {[%clk 1:30:47]} c5
{[%clk 1:30:54]} 3. Nf3 {[%clk 1:31:10]} Bg7 {[%clk 1:31:22]} 4. d4
{[%clk 1:31:31]} cxd4 {[%clk 1:31:44]} 5. Nxd4 {[%clk 1:31:48]} Nc6
{[%clk 1:32:07]} 6. Be3 {[%clk 1:32:01]} d6 {[%clk 1:32:22]} 7. Nc3
{[%clk 1:32:21]} Bd7 {[%clk 1:32:41]} 8. Be2 {[%clk 1:28:49]} Nf6
{[%clk 1:24:04]} 9. Qd2 {[%clk 1:25:46]} Nxd4 {[%clk 1:19:37]} 10. Bxd4
{[%clk 1:26:10]} Bc6 {[%clk 1:20:00]} 11. f3 {[%clk 1:26:30]} h5 {[%clk 1:19:25]}
12. O-O {[%clk 1:24:29]} O-O {[%clk 1:19:10]} 13. Rfd1 {[%clk 1:24:19]} Nd7
{[%clk 1:18:56]} 14. b4 {[%clk 1:21:50]} b6 {[%clk 1:17:58]} 15. Bxg7
{[%clk 1:17:02]} Kxg7 {[%clk 1:18:18]} 16. Qd4+ {[%clk 1:17:30]} Kg8
{[%clk 1:18:18]} 17. Nd5 {[%clk 1:17:31]} a5 {[%clk 1:12:22]} 18. a3
{[%clk 1:17:19]} Re8 {[%clk 1:06:03]} 19. Ne3 {[%clk 1:13:41]} Qc7 20. g4
{[%clk 1:13:41]} hxg4 21. Nxg4 {[%clk 1:13:41]} Kh7 {[%clk 0:55:56]} 22. f4
{[%clk 0:59:29]} Rh8 {[%clk 0:52:07]} 23. Rd3 {[%clk 0:51:22]} f6
{[%clk 0:50:15]} 24. f5 {[%clk 0:49:52]} g5 {[%clk 0:42:25]} 25. h4
{[%clk 0:43:23]} gxh4 {[%clk 0:39:49]} 26. Kf2 {[%clk 0:42:06]} Rag8
{[%clk 0:32:31]} 27. Rg1 {[%clk 0:41:37]} Rg5 {[%clk 0:32:23]} 28. Rh3
{[%clk 0:41:09]} Kg8 {[%clk 0:31:42]} 29. Rgh1 {[%clk 0:25:46]} Rgh5
{[%clk 0:22:44]} 30. Ne3 {[%clk 0:24:48]} R5h7 {[%clk 0:22:28]} 31. Ng2
{[%clk 0:24:28]} Qb7 {[%clk 0:20:57]} 32. Ke3 {[%clk 0:23:51]} Rg7
{[%clk 0:19:00]} 33. Nxh4 {[%clk 0:22:29]} Ne5 {[%clk 0:19:22]} 34. b5
{[%clk 0:22:39]} Be8 {[%clk 0:19:14]} 35. Nf3 {[%clk 0:19:04]} Rxh3
{[%clk 0:18:46]} 36. Rxh3 {[%clk 0:19:30]} Bf7 {[%clk 0:10:43]} 37. Kd2
{[%clk 0:12:37]} Qc7 {[%clk 0:08:17]} 38. Nxe5 {[%clk 0:10:59]} fxe5
{[%clk 0:08:43]} 39. Qe3 {[%clk 0:10:17]} Rh7 {[%clk 0:03:25]} 40. Qg5+
{[%clk 0:36:55]} Kh8 {[%clk 0:33:22]} 41. f6 {[%clk 0:32:05]} exf6
{[%clk 0:33:34]} 42. Qxf6+ {[%clk 0:32:31]} Kg8 {[%clk 0:34:04]} 43. Qg5+
{[%clk 0:31:41]} Rg7 {[%clk 0:32:54]} 44. Qh6 {[%clk 0:31:20]} Kf8
{[%clk 0:27:58]} 45. Rg3 {[%clk 0:30:16]} Bg8 {[%clk 0:27:42]} 46. Rxg7
{[%clk 0:29:57]} Qxg7 {[%clk 0:28:11]} 47. Qxd6+ {[%clk 0:30:20]} Qe7
{[%clk 0:28:15]} 48. Qh6+ {[%clk 0:30:19]} Ke8 {[%clk 0:28:10]} 49. Bh5+
{[%clk 0:30:30]} Bf7 {[%clk 0:27:58]} 50. Bxf7+ {[%clk 0:29:44]} Qxf7
{[%clk 0:28:11]} 51. Qc6+ {[%clk 0:29:54]} Kf8 {[%clk 0:28:27]} 52. Qd6+
{[%clk 0:30:19]} Kg7 {[%clk 0:28:24]} 53. Qxe5+ {[%clk 0:30:45]} Kh6
{[%clk 0:28:46]} 54. Qd4 {[%clk 0:28:22]} Qf1 {[%clk 0:28:39]} 55. Qxb6+
{[%clk 0:28:22]} Kh5 {[%clk 0:28:54]} 56. Qc5+ {[%clk 0:28:10]} Kg4
{[%clk 0:29:07]} 57. Qf5+ 1-0

[Event "Cracovia 2013"]
[Site "Krakow"]
[Date "2014.01.04"]
[Round "9.7"]
[White "Kosakowski, Jakub"]
[Black "Szczepaniak, Lukasz"]
[Result "1/2-1/2"]
[LiveChessVersion "1.4.2"]
[BlackElo "2033"]
[WhiteElo "1915"]

1. e4 {[%clk 1:30:55]} e5 {[%clk 1:30:46]} 2. Nf3 {[%clk 1:31:19]} Nc6
{[%clk 1:31:13]} 3. Bb5 {[%clk 1:31:36]} a6 {[%clk 1:31:38]} 4. Ba4
{[%clk 1:31:59]} Nf6 {[%clk 1:32:04]} 5. O-O {[%clk 1:32:21]} Be7
{[%clk 1:32:31]} 6. Re1 {[%clk 1:32:42]} b5 {[%clk 1:32:59]} 7. Bb3
{[%clk 1:33:06]} O-O {[%clk 1:33:25]} 8. a4 {[%clk 1:33:25]} b4 {[%clk 1:25:53]}
9. d4 {[%clk 1:33:42]} d6 {[%clk 1:25:26]} 10. dxe5 {[%clk 1:33:46]} Nxe5
{[%clk 1:24:52]} 11. Nxe5 {[%clk 1:33:57]} dxe5 {[%clk 1:25:17]} 12. Qxd8
{[%clk 1:34:17]} Rxd8 {[%clk 1:25:32]} 13. Nd2 {[%clk 1:34:28]} Bc5
{[%clk 1:19:29]} 14. h3 {[%clk 1:21:32]} Bb7 {[%clk 1:13:10]} 15. g4
{[%clk 1:17:53]} Rd4 16. Nc4 {[%clk 1:02:20]} Rxe4 {[%clk 0:50:41]} 17. Rxe4
{[%clk 1:02:43]} Nxe4 {[%clk 0:50:14]} 18. Be3 {[%clk 1:03:06]} Bxe3
{[%clk 0:41:19]} 19. fxe3 {[%clk 1:03:28]} Re8 {[%clk 0:40:03]} 20. Rd1
{[%clk 1:03:32]} Nc5 {[%clk 0:36:14]} 21. Nxe5 {[%clk 1:02:46]} Nxb3
{[%clk 0:36:40]} 22. cxb3 {[%clk 1:03:10]} h5 {[%clk 0:34:36]} 23. Nc4
{[%clk 1:02:23]} hxg4 {[%clk 0:34:23]} 24. hxg4 {[%clk 1:02:45]} Be4
{[%clk 0:26:02]} 25. Rd2 {[%clk 0:54:35]} g5 {[%clk 0:24:24]} 26. Kf2
{[%clk 0:53:20]} Kg7 {[%clk 0:24:36]} 27. Rd7 {[%clk 0:52:52]} Rh8
{[%clk 0:13:19]} 28. Rxc7 {[%clk 0:43:01]} Rh2+ {[%clk 0:13:22]} 29. Kg3
{[%clk 0:42:27]} Rg2+ {[%clk 0:12:13]} 30. Kh3 {[%clk 0:42:51]} Rc2
{[%clk 0:09:49]} 31. Rd7 {[%clk 0:35:21]} Bc6 {[%clk 0:08:05]} 32. Rc7
{[%clk 0:33:19]} Be4 {[%clk 0:06:09]} 33. Rd7 {[%clk 0:30:51]} Bc6
{[%clk 0:06:34]} 34. Rd4 {[%clk 0:31:16]} Re2 {[%clk 0:03:57]} 35. Kg3
{[%clk 0:27:42]} Rg2+ {[%clk 0:04:18]} 36. Kh3 {[%clk 0:28:05]} Rc2
{[%clk 0:04:10]} 37. Kg3 {[%clk 0:24:33]} Rg2+ {[%clk 0:02:28]} 38. Kh3
{[%clk 0:24:57]} Rc2 {[%clk 0:02:44]} 39. Ne5 {[%clk 0:22:09]} Bg2+
{[%clk 0:01:34]} 40. Kg3 {[%clk 0:52:27]} Rxb2 {[%clk 0:31:01]} 41. Rxb4
{[%clk 0:47:00]} Bd5 {[%clk 0:30:20]} 42. Nc4 {[%clk 0:44:26]} Bxc4
{[%clk 0:29:04]} 43. Rxc4 {[%clk 0:44:50]} Rxb3 {[%clk 0:29:31]} 44. Kf3
{[%clk 0:45:11]} Rb6 {[%clk 0:17:37]} 1/2-1/2

[Event "Cracovia 2013"]
[Site "Krakow"]
[Date "2014.01.04"]
[Round "9.8"]
[White "Mucha, Magdalena"]
[Black "Stankiewicz, Pawel"]
[Result "1/2-1/2"]
[LiveChessVersion "1.4.2"]
[BlackElo "2016"]
[WhiteElo "1953"]

1. e4 {[%clk 1:30:40]} e6 {[%clk 1:30:55]} 2. Nf3 {[%clk 1:28:19]} d5
{[%clk 1:28:28]} 3. Nc3 {[%clk 1:28:44]} Nf6 {[%clk 1:28:56]} 4. exd5
{[%clk 1:26:08]} exd5 {[%clk 1:26:12]} 5. d4 {[%clk 1:26:32]} c6 {[%clk 1:26:01]}
6. Bf4 {[%clk 1:23:34]} Bg4 {[%clk 1:17:33]} 7. h3 {[%clk 1:15:49]} Bh5
{[%clk 1:17:57]} 8. Bd3 {[%clk 1:06:21]} Be7 {[%clk 1:09:34]} 9. g4
{[%clk 1:03:07]} Bg6 {[%clk 1:09:58]} 10. Ne5 {[%clk 1:03:04]} Qb6 11. Bxg6
{[%clk 0:58:05]} hxg6 {[%clk 1:01:54]} 12. Qd3 {[%clk 0:58:11]} Na6
{[%clk 0:37:34]} 13. O-O-O {[%clk 0:42:20]} Nb4 {[%clk 0:14:08]} 14. Qe3
{[%clk 0:40:43]} Ne4 {[%clk 0:13:10]} 15. Nxe4 {[%clk 0:25:19]} dxe4
{[%clk 0:13:27]} 16. a3 {[%clk 0:25:34]} Nd5 {[%clk 0:11:49]} 17. Qxe4
{[%clk 0:25:48]} O-O {[%clk 0:05:19]} 18. Bg3 {[%clk 0:20:43]} Rad8
{[%clk 0:04:28]} 19. Rd3 {[%clk 0:15:02]} Qa5 {[%clk 0:01:06]} 20. c4
{[%clk 0:13:20]} Nf6 {[%clk 0:01:08]} 21. Qe2 {[%clk 0:13:00]} Rfe8
{[%clk 0:01:15]} 22. Qf3 {[%clk 0:09:33]} Bd6 {[%clk 0:00:49]} 23. Qd1
{[%clk 0:06:10]} Ne4 {[%clk 0:00:50]} 24. Qe1 {[%clk 0:01:28]} Qxe1+
{[%clk 0:00:54]} 25. Rxe1 {[%clk 0:01:56]} Nxg3 {[%clk 0:01:07]} 26. Rxg3
{[%clk 0:02:18]} f6 {[%clk 0:01:24]} 27. f4 {[%clk 0:01:40]} c5 {[%clk 0:00:49]}
28. dxc5 {[%clk 0:01:02]} Bxc5 {[%clk 0:01:01]} 29. Nd3 {[%clk 0:01:18]} Rxe1+
{[%clk 0:00:38]} 30. Nxe1 {[%clk 0:01:46]} Rd4 {[%clk 0:00:49]} 31. Nd3
{[%clk 0:01:04]} Rxc4+ {[%clk 0:01:15]} 32. Kd2 {[%clk 0:01:21]} Bd6
{[%clk 0:01:29]} 33. Rf3 {[%clk 0:01:41]} Kf7 {[%clk 0:01:53]} 34. b3
{[%clk 0:01:34]} Rc6 {[%clk 0:01:45]} 35. a4 {[%clk 0:01:55]} a6 {[%clk 0:02:03]}
36. Rf1 {[%clk 0:02:02]} Ke6 {[%clk 0:01:56]} 37. f5+ {[%clk 0:02:03]} gxf5
{[%clk 0:02:14]} 38. Rxf5 {[%clk 0:02:30]} g6 {[%clk 0:01:06]} 39. Rf1
{[%clk 0:02:40]} Rc7 {[%clk 0:01:06]} 40. Rf3 {[%clk 0:31:57]} g5
{[%clk 0:31:13]} 41. Rf5 {[%clk 0:30:47]} Be7 {[%clk 0:29:39]} 42. Ra5
{[%clk 0:23:56]} Rd7 {[%clk 0:28:44]} 43. Rf5 {[%clk 0:24:18]} Rd5
{[%clk 0:27:55]} 44. Rf1 {[%clk 0:22:48]} Rd7 {[%clk 0:27:35]} 45. Rf5
{[%clk 0:23:12]} Rd8 {[%clk 0:27:14]} 46. Ke3 {[%clk 0:19:51]} Rc8
{[%clk 0:26:10]} 47. Kd4 {[%clk 0:18:45]} b6 {[%clk 0:25:00]} 48. Rf1
{[%clk 0:15:19]} Rd8+ {[%clk 0:25:00]} 49. Ke4 {[%clk 0:15:15]} Rc8
{[%clk 0:24:56]} 1/2-1/2